| 000 | 00396nam a22001457a 4500 | ||
|---|---|---|---|
| 999 |
_c12212 _d12212 |
||
| 020 | _a978-9386650337 | ||
| 082 | _a620.014 | ||
| 100 | _aDavid Ingre | ||
| 245 | _aEngineering Communication a practical Guide to workplace communications for Engineers | ||
| 250 | _aSecond Edition | ||
| 260 |
_aNew Delhi _bCengage _c2017 |
||
| 300 | _a318 | ||
| 650 | _aElectrical Engineering | ||
| 942 | _cBK | ||